|
|
|
|
| LEADER |
00000cam a2200000 7i4500 |
| 001 |
0000002574 |
| 005 |
20030813.0 |
| 020 |
0 |
0 |
|a 983621075X
|
| 090 |
0 |
0 |
|a 635
|b MUS 2002
|
| 100 |
0 |
0 |
|a MUSTAFA Kamal Mohd. Shariff
|
| 245 |
1 |
0 |
|a Hortikultur hiasan dan landskap
|c Mustafa Kamal Mohd. Shariff
|
| 260 |
0 |
0 |
|a Kuala Lumpur :
|b Dewan Bahasa & Pustaka ,
|c 2002
|
| 300 |
|
|
|a x, 299 p. :
|b ill. (some col.) ;
|c 25 cm.
|
| 500 |
0 |
0 |
|a Includes bibliography : p. 293-295 and index
|
| 650 |
0 |
0 |
|a Horticulture
|
| 650 |
0 |
0 |
|a Landscape gardening
|
| 650 |
0 |
0 |
|a Ornamental horticulture
|
| 998 |
|
|
|a JPSM
|
| 999 |
|
|
|a 0000005008
|b Monograph
|c Open Shelf
|e Default branch
|